[Event "World Open"]
[Site "Arlington, VA"]
[Date "2013.07.05"]
[Round "5.2"]
[White "Mikhalevski, Victor"]
[Black "Negi, Parimarjan"]
[Result "1-0"]
[WhiteElo "2552"]
[BlackElo "2634"]
[PlyCount "87"]
[EventDate "2013.07.??"]
[EventType "swiss"]
[EventRounds "9"]
[EventCountry "USA"]
[WhiteClock "0:31:17"]
[BlackClock "0:18:05"]

1. c4 g6 2. Nc3 c5 3. g3 Bg7 4. Bg2 Nc6 5. Nf3 d6 6. O-O e5 7. Ne1 Be6 8. Nd5
Nge7 9. a3 O-O 10. Rb1 Rb8 11. d3 b5 12. Bg5 h6 13. Nxe7+ Nxe7 14. Bxe7 Qxe7
15. b3 f5 16. Nc2 f4 17. e3 Qf7 18. Be4 Kh7 19. Ne1 fxe3 20. Nf3 Bh3 21. fxe3
Bxf1 22. Qxf1 Qd7 23. Kg2 Bf6 24. Qe2 Kg7 25. Nd2 a5 26. h4 a4 27. h5 g5 28. g4
b4 29. axb4 Rxb4 30. bxa4 Qxa4 31. Qd1 Qxd1 32. Rxd1 Rb2 33. Kf3 Ra2 34. Bf5
Rb8 35. Ne4 Be7 36. Nc3 Ra3 37. Nd5 Bd8 38. Ke4 Rab3 39. Ra1 Kf7 40. Ra6 Bb6
41. Bd7 Rb1 42. Bb5 Bd8 43. Rxd6 Rg1 44. Bd7 1-0

[Event "World Open"]
[Site "Arlington, VA"]
[Date "2013.07.05"]
[Round "5.3"]
[White "Robson, Ray"]
[Black "Akobian, Varuzhan"]
[Result "0-1"]
[WhiteElo "2628"]
[BlackElo "2612"]
[PlyCount "112"]
[EventDate "2013.07.??"]
[EventType "swiss"]
[EventRounds "9"]
[EventCountry "USA"]
[WhiteClock "0:01:37"]
[BlackClock "0:16:14"]

1. e4 c6 2. d4 d5 3. e5 Bf5 4. Nf3 e6 5. Be2 Nd7 6. O-O Ne7 7. Nbd2 Nc8 8. b3
a5 9. c4 a4 10. bxa4 Be7 11. Qb3 Ra7 12. cxd5 exd5 13. Bd3 Bxd3 14. Qxd3 Rxa4
15. Re1 Nf8 16. Nf1 Ne6 17. Ng3 Qa5 18. Bd2 Qa6 19. Qxa6 Rxa6 20. Reb1 b5 21.
a4 bxa4 22. Nf5 O-O 23. Rb8 g6 24. Nh6+ Kg7 25. Ng4 Rd8 26. Bh6+ Kg8 27. h4 a3
28. Rb7 Rb6 29. Rxe7 Nxe7 30. Rxa3 Rb7 31. Ra6 Nf5 32. Rxc6 Nexd4 33. Nxd4 Nxd4
34. Rd6 Ne6 35. Nf6+ Kh8 36. Rxd8+ Nxd8 37. Nxd5 Rb5 38. Nf6 Rxe5 39. g4 Ne6
40. Kg2 Rb5 41. f4 Nc7 42. h5 Rb6 43. g5 Ne6 44. Kf3 Rb4 45. Ne4 Nd4+ 46. Kg4
Nf5 47. hxg6 hxg6 48. Ng3 Nxh6+ 49. gxh6 f6 50. Kf3 Kh7 51. Ne4 Rb6 52. f5 gxf5
53. Ng3 Rb3+ 54. Kf4 Rxg3 55. Kxg3 Kxh6 56. Kf3 Kg5 0-1

[Event "World Open"]
[Site "Arlington, VA"]
[Date "2013.07.05"]
[Round "5.4"]
[White "Laznicka, Viktor"]
[Black "Gerzhoy, Leonid"]
[Result "1-0"]
[WhiteElo "2684"]
[BlackElo "2469"]
[PlyCount "69"]
[EventDate "2013.07.??"]
[EventType "swiss"]
[EventRounds "9"]
[EventCountry "USA"]
[WhiteClock "0:01:26"]
[BlackClock "0:00:42"]

1. e4 e6 2. Qe2 d5 3. exd5 Nf6 4. dxe6 Bxe6 5. Nf3 Nc6 6. Ng5 Nd4 7. Nxe6 fxe6
8. Qd3 Qd5 9. c3 Qe5+ 10. Be2 Nxe2 11. Qxe2 Qf5 12. d4 Bd6 13. Nd2 O-O 14. Nc4
Rae8 15. Nxd6 cxd6 16. O-O e5 17. dxe5 Rxe5 18. Qd1 Qe6 19. h3 Nd5 20. Qb3 b5
21. Bd2 a6 22. Rae1 Kh8 23. Rxe5 dxe5 24. Re1 e4 25. Qc2 Nf6 26. b3 Rc8 27. Bg5
Nd5 28. c4 bxc4 29. bxc4 Nb6 30. c5 Nd7 31. Qxe4 Qxa2 32. c6 Nf8 33. Qf5 Ra8
34. c7 Qc4 35. Rc1 1-0

[Event "World Open"]
[Site "Arlington, VA"]
[Date "2013.07.05"]
[Round "5.5"]
[White "Molner, Mackenzie"]
[Black "Bruzon Batista, Lazaro"]
[Result "0-1"]
[WhiteElo "2501"]
[BlackElo "2689"]
[PlyCount "104"]
[EventDate "2013.07.??"]
[EventType "swiss"]
[EventRounds "9"]
[EventCountry "USA"]

1. d4 Nf6 2. c4 e6 3. Nf3 b6 4. g3 Bb4+ 5. Nbd2 Bb7 6. Bg2 O-O 7. O-O Be7 8. b3
c5 9. Bb2 Qc7 10. Re1 d6 11. e4 cxd4 12. Nxd4 Nbd7 13. Rc1 Rad8 14. Qe2 Rfe8
15. b4 Bf8 16. N2b3 Qb8 17. a4 Ba8 18. a5 d5 19. c5 bxc5 20. bxc5 e5 21. c6
exd4 22. cxd7 Nxd7 23. Nxd4 dxe4 24. Ba1 Qb4 25. Nb5 e3 26. fxe3 Bxg2 27. Kxg2
Nc5 28. Nd4 Rc8 29. a6 Qa4 30. Rc2 Ne4 31. Rxc8 Rxc8 32. Qg4 Re8 33. Qe2 g6 34.
Nb5 Rc8 35. Nd4 Bg7 36. Qb5 Rc2+ 37. Kg1 Qxb5 38. Nxb5 Nd2 39. Rd1 Nf3+ 40. Kf1
Nxh2+ 41. Kg1 Nf3+ 42. Kf1 Nd2+ 43. Ke1 Ra2 44. Bxg7 Nf3+ 45. Kf1 Kxg7 46. Rd6
Nd2+ 47. Kg1 Ra1+ 48. Kh2 Nf1+ 49. Kh3 Nxe3 50. g4 h5 51. Rc6 hxg4+ 52. Kg3 Ra4
0-1

[Event "World Open"]
[Site "Arlington, VA"]
[Date "2013.07.05"]
[Round "5.6"]
[White "Shankland, Sam"]
[Black "Arnold, Marc"]
[Result "1-0"]
[WhiteElo "2601"]
[BlackElo "2525"]
[PlyCount "59"]
[EventDate "2013.07.??"]
[EventType "swiss"]
[EventRounds "9"]
[EventCountry "USA"]

1. e4 c5 2. Nf3 e6 3. d4 cxd4 4. Nxd4 Nf6 5. Nc3 d6 6. Be3 a6 7. f3 Qc7 8. g4
h6 9. Qd2 Nc6 10. O-O-O Be7 11. h4 b5 12. Nxc6 Qxc6 13. Ne2 Nd7 14. Nd4 Qc7 15.
Be2 h5 16. gxh5 Rxh5 17. f4 Rh8 18. Bf3 Bb7 19. Qg2 Rg8 20. e5 Bxf3 21. Nxf3
Rc8 22. f5 Nxe5 23. fxe6 Qc6 24. exf7+ Kxf7 25. Rhf1 Ke8 26. Bd4 Rf8 27. Bxe5
dxe5 28. Kb1 Rf4 29. Qxg7 Rxf3 30. Qh8+ 1-0

[Event "World Open"]
[Site "Arlington, VA"]
[Date "2013.07.05"]
[Round "5.7"]
[White "Fishbein, Alexander"]
[Black "Kacheishvili, Giorgi"]
[Result "1-0"]
[WhiteElo "2504"]
[BlackElo "2588"]
[PlyCount "73"]
[EventDate "2013.07.??"]
[EventType "swiss"]
[EventRounds "9"]
[EventCountry "USA"]

1. e4 c6 2. d4 d5 3. Nc3 dxe4 4. Nxe4 Bf5 5. Nc5 b6 6. Nb3 e6 7. Nf3 Nd7 8. g3
h6 9. Bg2 Rc8 10. O-O Bd6 11. Qe2 Ne7 12. c4 O-O 13. Bd2 Qc7 14. Bc3 Qb8 15.
Ne5 Nf6 16. g4 Bh7 17. f4 Rfd8 18. Rae1 Rf8 19. Rd1 Rc7 20. Kh1 Qc8 21. Nc1 Rd8
22. Ncd3 Ng6 23. Qe1 Bf8 24. Nxg6 Bxg6 25. Ne5 Bh7 26. g5 Ne8 27. gxh6 Nd6 28.
hxg7 Bxg7 29. d5 cxd5 30. cxd5 exd5 31. Rxd5 f6 32. Qd1 Qe6 33. f5 Bxf5 34.
Rxf5 fxe5 35. Rdxe5 Bxe5 36. Bd5 Nf7 37. Qg4+ 1-0

[Event "World Open"]
[Site "Arlington, VA"]
[Date "2013.07.05"]
[Round "5.8"]
[White "Ramirez, Alejandro"]
[Black "Hossain, Enamul"]
[Result "1-0"]
[WhiteElo "2583"]
[BlackElo "2487"]
[PlyCount "63"]
[EventDate "2013.07.??"]
[EventType "swiss"]
[EventRounds "9"]
[EventCountry "USA"]

1. d4 d5 2. c4 c6 3. Nf3 Nf6 4. Nc3 g6 5. Bf4 Bg7 6. e3 O-O 7. Bd3 c5 8. dxc5
Qa5 9. O-O dxc4 10. Bxc4 Qxc5 11. Bb3 Nc6 12. Rc1 Qa5 13. h3 Bf5 14. Qe2 Ne4
15. Nd5 e5 16. Rxc6 bxc6 17. Ne7+ Kh8 18. Nxc6 Qb6 19. Ncxe5 Be6 20. Nd4 Bxb3
21. axb3 Bxe5 22. Bxe5+ f6 23. Bf4 Rac8 24. Ra1 Rfe8 25. h4 Nc5 26. Qg4 Ne6 27.
Nxe6 Rxe6 28. h5 gxh5 29. Qxh5 a6 30. Qf7 Qxb3 31. Bh6 Rg8 32. Rc1 1-0

[Event "World Open"]
[Site "Arlington, VA"]
[Date "2013.07.05"]
[Round "5.9"]
[White "Cornejo, Max"]
[Black "Izoria, Zviad"]
[Result "1/2-1/2"]
[WhiteElo "2395"]
[BlackElo "2574"]
[PlyCount "50"]
[EventDate "2013.07.??"]
[EventType "swiss"]
[EventRounds "9"]
[EventCountry "USA"]

1. e4 c5 2. Nf3 Nc6 3. Bb5 e6 4. Bxc6 bxc6 5. d3 Ne7 6. Qe2 d5 7. h4 h5 8. c4
Ng6 9. e5 f6 10. Nc3 Ne7 11. O-O Nf5 12. Bf4 Nd4 13. Nxd4 cxd4 14. Na4 c5 15.
b3 Bb7 16. exf6 Qxf6 17. Bg5 Qf5 18. Rfe1 dxc4 19. dxc4 Kf7 20. Rad1 Bd6 21. b4
e5 22. Nxc5 Bxc5 23. bxc5 Rae8 24. f3 Rhf8 25. Qd3 Kg6 1/2-1/2

[Event "World Open"]
[Site "Arlington, VA"]
[Date "2013.07.05"]
[Round "5.10"]
[White "Gelashvili, Tamaz"]
[Black "Yang, Darwin"]
[Result "1-0"]
[WhiteElo "2572"]
[BlackElo "2485"]
[PlyCount "139"]
[EventDate "2013.07.??"]
[EventType "swiss"]
[EventRounds "9"]
[EventCountry "USA"]

1. d4 d5 2. Nf3 Nf6 3. g3 e6 4. Bg2 Be7 5. O-O O-O 6. c4 c6 7. Nc3 Nbd7 8. b3
b6 9. Bb2 Ba6 10. Nd2 Rc8 11. a4 Bb4 12. Qc2 e5 13. dxe5 Nxe5 14. Nxd5 cxd5 15.
Bxe5 Re8 16. Nf3 dxc4 17. Bh3 cxb3 18. Qxb3 Rc4 19. Rfd1 Qe7 20. e3 Bc5 21. Bd4
Rb4 22. Qc2 Bb7 23. Bg2 Be4 24. Qd2 h6 25. a5 bxa5 26. Rxa5 Rxd4 27. Nxd4 Bb4
28. Rxa7 Qxa7 29. Qxb4 Bxg2 30. Kxg2 Qa8+ 31. Kg1 Ne4 32. Qc4 Qd8 33. Qc6 Re6
34. Qc2 Re8 35. f3 Ng5 36. h4 Nh7 37. Nf5 Qb8 38. Kg2 Nf6 39. Qc3 Qb5 40. Qc2
Qe5 41. e4 Ra8 42. Rd2 g6 43. Qc6 Qa5 44. Rb2 gxf5 45. Qxf6 fxe4 46. fxe4 Qe1
47. Qf3 Re8 48. Re2 Qd1 49. e5 Re6 50. Qe4 Qd7 51. Rc2 Qe7 52. Re2 Kg7 53. Kh2
Kg8 54. Ra2 Rxe5 55. Ra8+ Kg7 56. Qg4+ Kf6 57. Rh8 Re2+ 58. Kh3 Qe3 59. Rxh6+
Qxh6 60. Qxe2 Kg7 61. Qe5+ f6 62. Qe7+ Kg6 63. Qe8+ Kg7 64. Kg4 Qd2 65. Qe7+
Kg8 66. Qxf6 Qd1+ 67. Kg5 Qd5+ 68. Qf5 Qd2+ 69. Kh5 Qh6+ 70. Kxh6 1-0

[Event "World Open"]
[Site "Arlington, VA"]
[Date "2013.07.05"]
[Round "5.11"]
[White "Shulman, Yury"]
[Black "Krush, Irina"]
[Result "1/2-1/2"]
[WhiteElo "2542"]
[BlackElo "2480"]
[PlyCount "79"]
[EventDate "2013.07.??"]
[EventType "swiss"]
[EventRounds "9"]
[EventCountry "USA"]

1. d4 Nf6 2. c4 e6 3. Nc3 Bb4 4. e3 b6 5. Nge2 c5 6. a3 Ba5 7. Rb1 Na6 8. g3
Bb7 9. d5 b5 10. Bg2 bxc4 11. O-O O-O 12. e4 exd5 13. e5 Ng4 14. Bxd5 Bc6 15.
Bf4 Re8 16. Bxc6 dxc6 17. Qa4 Nxe5 18. Bxe5 Rxe5 19. Rfd1 Qb6 20. Qxc4 Rae8 21.
Rd7 R5e7 22. Rbd1 Nc7 23. Nf4 Bxc3 24. Qxc3 Ne6 25. Rxe7 Rxe7 26. Re1 Qd8 27.
Nxe6 Rxe6 28. Rxe6 fxe6 29. Qxc5 Qd1+ 30. Kg2 Qd5+ 31. Qxd5 exd5 32. f4 a5 33.
b4 axb4 34. axb4 g6 35. Kf3 Kf7 36. g4 Kf6 37. Ke3 Ke6 38. Kd3 Ke7 39. Ke3 Ke6
40. Kd3 1/2-1/2

[Event "World Open"]
[Site "Arlington, VA"]
[Date "2013.07.05"]
[Round "5.14"]
[White "Harmon Vellotti, Luke"]
[Black "Leon Hoyos, Manuel"]
[Result "1-0"]
[WhiteElo "2469"]
[BlackElo "2668"]
[PlyCount "85"]
[EventDate "2013.07.??"]
[EventType "swiss"]
[EventRounds "9"]
[EventCountry "USA"]

1. e4 c5 2. Nf3 Nc6 3. d4 cxd4 4. Nxd4 Nf6 5. Nc3 d6 6. Be2 g6 7. Be3 Bg7 8.
O-O O-O 9. Nb3 a6 10. a4 Be6 11. f4 Rc8 12. Kh1 Na5 13. Bd4 Nc4 14. Qc1 b5 15.
axb5 axb5 16. Bd3 Bd7 17. Ra7 Bc6 18. Re1 e5 19. fxe5 Ng4 20. Bxc4 bxc4 21. Nd2
dxe5 22. Bc5 Bh6 23. Re2 Re8 24. Qf1 Bd7 25. Qg1 Be6 26. Nf3 Rb8 27. h3 Nf6 28.
Nxe5 Nh5 29. Bf2 Nf4 30. Re1 Rxb2 31. Nd5 Rxc2 32. Nc6 Nxh3 33. Nde7+ Rxe7 34.
gxh3 Qd2 35. Nxe7+ Kf8 36. Nf5 Bxf5 37. Bc5+ Kg8 38. Ra8+ Bf8 39. Bxf8 Bc8 40.
Rxc8 Qd7 41. Qg4 f5 42. Qd1 Qxc8 43. Bh6 1-0

[Event "World Open"]
[Site "Arlington, VA"]
[Date "2013.07.05"]
[Round "5.15"]
[White "Holt, Conrad"]
[Black "Thavandiran, Shiyam"]
[Result "1-0"]
[WhiteElo "2531"]
[BlackElo "2338"]
[PlyCount "89"]
[EventDate "2013.07.??"]
[EventType "swiss"]
[EventRounds "9"]
[EventCountry "USA"]

1. d4 e6 2. c4 Nf6 3. Nc3 Bb4 4. Qc2 d5 5. cxd5 Qxd5 6. Nf3 Qf5 7. Qb3 Nc6 8.
Bd2 O-O 9. h3 Bxc3 10. Bxc3 Ne4 11. e3 Nxc3 12. Qxc3 Re8 13. Bd3 Qh5 14. Be4
Bd7 15. g4 Qb5 16. a4 Qb6 17. O-O a5 18. Rfc1 Rec8 19. Qc5 Qxc5 20. Rxc5 Ra6
21. Ne5 Be8 22. Rac1 Kf8 23. Nxc6 Bxc6 24. Bxc6 bxc6 25. Rxc6 Ra7 26. Rb6 Ke7
27. Rb5 Kd6 28. Rcc5 Rca8 29. Kf1 Kd7 30. Ke2 Kd6 31. Kd3 Kd7 32. e4 Kd6 33. f4
Kd7 34. f5 exf5 35. gxf5 Ra6 36. Kc4 Rh6 37. Rb7 Rc8 38. Rb3 Rh4 39. Re5 Ra8
40. Rg3 Rb8 41. Rxg7 Rb4+ 42. Kd5 Rxb2 43. Rxf7+ Kc8 44. Re8+ Kb7 45. Rff8 1-0

[Event "World Open"]
[Site "Arlington, VA"]
[Date "2013.07.05"]
[Round "5.16"]
[White "Getz, Alec"]
[Black "Friedel, Joshua"]
[Result "1/2-1/2"]
[WhiteElo "2332"]
[BlackElo "2506"]
[PlyCount "32"]
[EventDate "2013.07.??"]
[EventType "swiss"]
[EventRounds "9"]
[EventCountry "USA"]

1. d4 Nf6 2. c4 e6 3. Nf3 b6 4. g3 Bb7 5. Bg2 Be7 6. O-O O-O 7. Nc3 Ne4 8. Bd2
f5 9. Qc2 Bf6 10. Rfd1 Nxd2 11. Qxd2 Qe7 12. Rac1 d6 13. Ne1 Bxg2 14. Nxg2 Nd7
15. Nf4 g5 16. Ng2 Bg7 1/2-1/2

[Event "World Open"]
[Site "Arlington, VA"]
[Date "2013.07.05"]
[Round "5.17"]
[White "Kaufman, Lawrence"]
[Black "Amanov, Mesgen"]
[Result "0-1"]
[WhiteElo "2325"]
[BlackElo "2484"]
[PlyCount "120"]
[EventDate "2013.07.??"]
[EventType "swiss"]
[EventRounds "9"]
[EventCountry "USA"]

1. d4 d5 2. c4 c6 3. Nf3 Nf6 4. Nc3 e6 5. Bg5 dxc4 6. e4 b5 7. e5 h6 8. Bh4 g5
9. Nxg5 hxg5 10. Bxg5 Nbd7 11. exf6 Bb7 12. g3 c5 13. d5 Qb6 14. Bg2 O-O-O 15.
O-O b4 16. Na4 Qa6 17. a3 Bxd5 18. Bxd5 Ne5 19. Nxc5 Bxc5 20. axb4 Bxf2+ 21.
Rxf2 Rxd5 22. Qf1 Qb6 23. Qe2 Nd3 24. Be3 Qc6 25. Rff1 a6 26. Ra3 Kb7 27. Rfa1
Nxb4 28. Rc3 Rd3 29. Bf2 Rhd8 30. Qg4 Rxc3 31. bxc3 Nd3 32. Bd4 Rd5 33. Qg8 Qd7
34. Qf8 e5 35. Be3 Rb5 36. Qe7 Kc8 37. Qf8+ Kb7 38. Qa3 a5 39. Qe7 Kc6 40. Qf8
Kb7 41. h4 Qd5 42. Qe7+ Kc8 43. Qe8+ Kc7 44. Qe7+ Kc8 45. Qe8+ Kc7 46. Qe7+ Kc6
47. Qe8+ Qd7 48. Qa8+ Kd6 49. Qa6+ Kd5 50. Rxa5 Rxa5 51. Qxa5+ Ke4 52. Qa7 Qg4
53. Bf2 Qd1+ 54. Kg2 Qf3+ 55. Kg1 Qe2 56. Qe3+ Qxe3 57. Bxe3 Kxe3 58. h5 Nf2
59. h6 Nh3+ 60. Kg2 Ng5 0-1

[Event "World Open"]
[Site "Arlington, VA"]
[Date "2013.07.05"]
[Round "5.18"]
[White "Sarkar, Justin"]
[Black "Rahman, Md Taibur"]
[Result "1-0"]
[WhiteElo "2451"]
[BlackElo "2301"]
[PlyCount "99"]
[EventDate "2013.07.??"]
[EventType "swiss"]
[EventRounds "9"]
[EventCountry "USA"]

1. d4 d5 2. c4 e6 3. Nc3 Be7 4. Bf4 Nf6 5. e3 O-O 6. Nf3 b6 7. cxd5 Nxd5 8.
Nxd5 Qxd5 9. Bd3 Bb4+ 10. Ke2 Bd6 11. e4 Qh5 12. e5 Be7 13. Qc2 Na6 14. a3 c5
15. h3 g5 16. g4 Qh6 17. Bd2 Nc7 18. h4 Ba6 19. Bxa6 Nxa6 20. Bxg5 Bxg5 21.
hxg5 Qg6 22. Qd3 Rfd8 23. Rh6 Qxd3+ 24. Kxd3 cxd4 25. b4 Nc7 26. Rah1 Nd5 27.
Rxh7 Nf4+ 28. Ke4 Ng6 29. R7h6 Rac8 30. Nh4 Nf8 31. Nf5 Ng6 32. Rxg6+ fxg6 33.
Ne7+ Kg7 34. Nxc8 Rxc8 35. Rd1 Rc2 36. f3 Kf7 37. Rxd4 Ke7 38. f4 Rh2 39. b5
Re2+ 40. Kf3 Rc2 41. Ra4 Rc7 42. Ke4 Kf7 43. f5 Rd7 44. fxe6+ Kxe6 45. Rd4 Rc7
46. Rd6+ Kf7 47. e6+ Ke7 48. Rd7+ Rxd7 49. exd7 Kxd7 50. Kd5 1-0

[Event "World Open"]
[Site "Arlington, VA"]
[Date "2013.07.05"]
[Round "5.19"]
[White "Liou, Yian"]
[Black "Troff, Kayden"]
[Result "1/2-1/2"]
[WhiteElo "2381"]
[BlackElo "2427"]
[PlyCount "209"]
[EventDate "2013.07.??"]
[EventType "swiss"]
[EventRounds "9"]
[EventCountry "USA"]

1. e4 c5 2. Nc3 d6 3. f4 g6 4. Nf3 Bg7 5. Bc4 Nc6 6. O-O e6 7. d3 Nge7 8. Bb3
O-O 9. Ne2 Na5 10. Ba4 Rb8 11. c3 b5 12. Bc2 b4 13. Be3 Qc7 14. Qd2 Bd7 15.
Rab1 Nec6 16. Bf2 Rb7 17. Ba4 Rfb8 18. c4 b3 19. a3 Qb6 20. Be1 Rc7 21. Qd1 Nd4
22. Bxd7 Nxe2+ 23. Qxe2 Rxd7 24. Rc1 Nc6 25. Bc3 Bxc3 26. Rxc3 d5 27. cxd5 exd5
28. Qf2 dxe4 29. dxe4 Nd4 30. Ne5 Re7 31. Nc4 Qc6 32. e5 Rd8 33. Ne3 h5 34. h3
a5 35. Kh1 a4 36. Rfc1 Qe4 37. Rxc5 Nf5 38. Nxf5 Qxf5 39. Re1 Qd3 40. Rc3 Qd4
41. Qg3 Qd7 42. Qg5 Rde8 43. Rce3 Kh7 44. Kh2 Qf5 45. Qg3 Rd8 46. Qh4 Ree8 47.
e6 fxe6 48. Rxe6 Rxe6 49. Rxe6 Qxe6 50. Qxd8 Qe4 51. Qf6 Qe3 52. h4 Qf2 53.
Qe7+ Kg8 54. Qe6+ Kh7 55. Qf6 Qe3 56. Qg5 Qe4 57. Qe5 Qc2 58. Qd4 Qc6 59. Kg3
Qe6 60. Kf2 Qc6 61. Qe5 Qd7 62. Kg1 Qd8 63. f5 Qxh4 64. f6 Qc4 65. Qe7+ Kh6 66.
f7 Qc1+ 67. Kf2 Qf4+ 68. Ke2 Qc4+ 69. Ke3 Qc1+ 70. Kf3 Qd1+ 71. Kg3 Qg4+ 72.
Kf2 Qf4+ 73. Ke2 Qc4+ 74. Kf3 Qd3+ 75. Kf2 Qd4+ 76. Ke1 Qg1+ 77. Kd2 Qd4+ 78.
Ke1 Qg1+ 79. Ke2 Qxg2+ 80. Ke3 Qg1+ 81. Kd3 Qf1+ 82. Kc3 Qf3+ 83. Kb4 Qf4+ 84.
Ka5 Qd2+ 85. Kxa4 Qd4+ 86. Kxb3 Qd3+ 87. Kb4 Qd4+ 88. Ka5 Qd5+ 89. Kb6 Qd4+ 90.
Ka6 Qa4+ 91. Kb7 Qb5+ 92. Ka8 Qa6+ 93. Kb8 Qb6+ 94. Kc8 Qc6+ 95. Kd8 Qa8+ 96.
Kd7 Qb7+ 97. Kd6 Qb6+ 98. Kd5 Qb5+ 99. Ke6 Qb3+ 100. Kd7 Qb7+ 101. Ke8 Qb8+
102. Qd8 Qe5+ 103. Qe7 Qb8+ 104. Qd8 Qe5+ 105. Qe7 1/2-1/2

[Event "World Open"]
[Site "Arlington, VA"]
[Date "2013.07.05"]
[Round "5.22"]
[White "Vibbert, Sean"]
[Black "Ostrovskiy, Aleksandr"]
[Result "1/2-1/2"]
[WhiteElo "2256"]
[BlackElo "2403"]
[PlyCount "109"]
[EventDate "2013.07.??"]
[EventType "swiss"]
[EventRounds "9"]
[EventCountry "USA"]

1. e4 c6 2. d4 d5 3. Nc3 dxe4 4. Nxe4 Bf5 5. Ng3 Bg6 6. h4 h6 7. Nf3 Nd7 8. h5
Bh7 9. Bd3 Bxd3 10. Qxd3 e6 11. Bf4 Qa5+ 12. Bd2 Bb4 13. c3 Be7 14. c4 Qc7 15.
O-O-O Ngf6 16. Ne4 Rd8 17. g3 Nxe4 18. Qxe4 Nf6 19. Qe2 b5 20. c5 Qd7 21. Ba5
Rc8 22. b3 Qd5 23. Ne5 Nd7 24. Nxd7 Qxd7 25. f4 Qd5 26. g4 O-O 27. Rhg1 f5 28.
Rde1 Qxd4 29. Qxe6+ Kh8 30. Qxe7 Qa1+ 31. Kc2 Qxa2+ 32. Kc1 Qxa5 33. g5 Qc3+
34. Kb1 Qxb3+ 35. Ka1 Qa4+ 36. Kb1 Qb4+ 37. Ka1 Qa3+ 38. Kb1 Qd3+ 39. Ka1 Qc3+
40. Kb1 Qd3+ 41. Ka1 Qd4+ 42. Kb1 hxg5 43. h6 gxh6 44. Rh1 Qd3+ 45. Ka1 Qa3+
46. Kb1 Qb3+ 47. Ka1 Qa4+ 48. Kb1 Qb4+ 49. Kc2 Qc4+ 50. Kb1 Qb3+ 51. Ka1 Qc3+
52. Kb1 Qf6 53. fxg5 Qxe7 54. Rxe7 h5 55. Rxh5+ 1/2-1/2

[Event "World Open"]
[Site "Arlington, VA"]
[Date "2013.07.05"]
[Round "5.23"]
[White "Shabalov, Alex"]
[Black "Rosen, Eric"]
[Result "1-0"]
[WhiteElo "2553"]
[BlackElo "2289"]
[PlyCount "53"]
[EventDate "2013.07.??"]
[EventType "swiss"]
[EventRounds "9"]
[EventCountry "USA"]

1. e4 c5 2. Nf3 e6 3. d4 cxd4 4. Nxd4 Nc6 5. Nc3 Qc7 6. f4 a6 7. Nxc6 Qxc6 8.
Bd3 b5 9. Qe2 Bb7 10. Bd2 Rc8 11. a3 Bc5 12. O-O-O Ne7 13. Rhf1 O-O 14. f5 exf5
15. exf5 Qxg2 16. Qh5 f6 17. Rde1 Bd6 18. h3 Rf7 19. Rg1 Qf3 20. Rg4 Rc5 21.
Rxg7+ Kxg7 22. Bh6+ Kg8 23. Rg1+ Ng6 24. fxg6 Bf4+ 25. Kb1 Qxh5 26. gxh7+ Kh8
27. Rg8# 1-0

[Event "World Open"]
[Site "Arlington, VA"]
[Date "2013.07.05"]
[Round "5.24"]
[White "Kekelidze, Mikheil"]
[Black "Aaron, Deepak"]
[Result "1/2-1/2"]
[WhiteElo "2494"]
[BlackElo "2271"]
[PlyCount "147"]
[EventDate "2013.07.??"]
[EventType "swiss"]
[EventRounds "9"]
[EventCountry "USA"]

1. d4 d5 2. c4 c6 3. Nf3 Nf6 4. Nc3 dxc4 5. a4 Bf5 6. Ne5 Nbd7 7. Nxc4 Qc7 8.
Bg5 Ne4 9. Qd3 h6 10. Bc1 Nxc3 11. Qxf5 Nd5 12. Bd2 e6 13. Qf3 Bb4 14. Qg3 Qxg3
15. hxg3 N7b6 16. e4 Nxc4 17. Bxc4 Bxd2+ 18. Kxd2 Nb6 19. Be2 a5 20. g4 O-O-O
21. Kc3 Rhe8 22. f4 f5 23. Bf3 fxe4 24. Bxe4 Nd5+ 25. Bxd5 Rxd5 26. Rae1 Kd7
27. Rh5 Rf8 28. Re4 Rf6 29. g3 Rg6 30. Rh4 c5 31. dxc5 Rxc5+ 32. Rc4 Rd5 33.
Rd4 Kc6 34. Kc4 b6 35. b3 Rc5+ 36. Kd3 e5 37. Rc4 Rd6+ 38. Kc3 Rxc4+ 39. Kxc4
Rd4+ 40. Kc3 Re4 41. fxe5 Rxe5 42. Kd4 Rd5+ 43. Kc4 Rg5 44. Kd4 Kd6 45. Kc4 Ke6
46. b4 axb4 47. Kxb4 Kf6 48. Rh5 Rxg4+ 49. Kb5 Rd4 50. Rh4 Rd6 51. Rh5 Ke6 52.
g4 Rd4 53. Rh1 Rxg4 54. Ra1 Rd4 55. Kxb6 Rd6+ 56. Kb7 g5 57. a5 h5 58. a6 Rd7+
59. Kc6 Ra7 60. Kb6 Ra8 61. Kb7 Rh8 62. a7 Rh7+ 63. Kc6 Rxa7 64. Rxa7 h4 65.
Ra5 Kf6 66. Kd5 Kf5 67. Kd4+ Kf4 68. Kd3 h3 69. Ra8 Kf3 70. Rf8+ Kg3 71. Ke4 g4
72. Rh8 Kg2 73. Kf4 h2 74. Rxh2+ 1/2-1/2

[Event "World Open"]
[Site "Arlington, VA"]
[Date "2013.07.05"]
[Round "5.25"]
[White "Kiewra, Keaton"]
[Black "Jayakumar, Adarsh"]
[Result "1/2-1/2"]
[WhiteElo "2422"]
[BlackElo "2269"]
[PlyCount "108"]
[EventDate "2013.07.??"]
[EventType "swiss"]
[EventRounds "9"]
[EventCountry "USA"]

1. e4 c5 2. Nf3 d6 3. Bb5+ Nd7 4. c3 Ngf6 5. Qe2 a6 6. Ba4 b5 7. Bc2 e5 8. O-O
Be7 9. a4 Bb7 10. d4 O-O 11. Rd1 Qb6 12. axb5 axb5 13. Rxa8 Rxa8 14. Na3 Ba6
15. dxc5 dxc5 16. Be3 Qc6 17. Qe1 c4 18. Nb1 Bb7 19. Nbd2 Qc7 20. Ra1 Rd8 21.
Nh4 g6 22. f3 Nc5 23. g4 Nd3 24. Bxd3 Rxd3 25. Nf1 Nd7 26. Ng2 Nc5 27. Qe2 Qd8
28. Ne1 Rd7 29. Nd2 Ne6 30. Ng2 Rd3 31. Nf1 Ng5 32. Ne1 Rd7 33. Nc2 Ne6 34. Qf2
Bh4 35. Qe2 f5 36. exf5 gxf5 37. h3 e4 38. f4 Qc7 39. Nd4 Nxd4 40. cxd4 Bf6 41.
Rd1 fxg4 42. hxg4 Rg7 43. Ng3 Bc8 44. Nxe4 Rxg4+ 45. Kf1 Bh4 46. Qf3 b4 47. f5
h5 48. Nf2 Bxf2 49. Bxf2 c3 50. bxc3 Ba6+ 51. Ke1 Qe7+ 52. Kd2 bxc3+ 53. Kc2
Bb7 54. Qxc3 Be4+ 1/2-1/2

[Event "World Open"]
[Site "Arlington, VA"]
[Date "2013.07.05"]
[Round "5.26"]
[White "Rentala, Nagendra"]
[Black "Vioreanu, Bogdan"]
[Result "0-1"]
[WhiteElo "2265"]
[BlackElo "2404"]
[PlyCount "94"]
[EventDate "2013.07.??"]
[EventType "swiss"]
[EventRounds "9"]
[EventCountry "USA"]

1. e4 c5 2. Nf3 d6 3. c3 Nf6 4. Be2 g6 5. O-O Bg7 6. Re1 O-O 7. d3 b5 8. Nbd2
Bb7 9. Bf1 Nbd7 10. d4 a6 11. a4 Qb6 12. b4 c4 13. a5 Qc7 14. g3 h6 15. Bg2
Rae8 16. h3 Qb8 17. Nh2 Qa8 18. Ra2 Nh5 19. Ndf1 f5 20. g4 Nhf6 21. gxf5 Nxe4
22. Bxe4 Bxe4 23. fxg6 Rf6 24. Re3 e5 25. f3 Rxg6+ 26. Rg2 Rxg2+ 27. Kxg2 Bd3
28. Qe1 Re6 29. Ng3 Nf6 30. Ng4 Nd5 31. Nh5 Nxe3+ 32. Qxe3 Rg6 33. Nxg7 Kxg7
34. dxe5 h5 35. exd6 hxg4 36. hxg4 Qd5 37. Qa7+ Qf7 38. Qd4+ Qf6 39. Qa7+ Qf7
40. Qd4+ Qf6 41. Qa7+ Kg8 42. Qa8+ Qf8 43. Qd5+ Qf7 44. Qd4 Qf6 45. Qd5+ Qe6
46. Qa8+ Kh7 47. Bf4 Rxg4+ 0-1

[Event "World Open"]
[Site "Arlington, VA"]
[Date "2013.07.05"]
[Round "5.28"]
[White "Bodek, Michael"]
[Black "Prilleltensky, Matan"]
[Result "1-0"]
[WhiteElo "2386"]
[BlackElo "2186"]
[PlyCount "87"]
[EventDate "2013.07.??"]
[EventType "swiss"]
[EventRounds "9"]
[EventCountry "USA"]

1. e4 c5 2. Nc3 Nc6 3. Nf3 Nf6 4. d4 cxd4 5. Nxd4 e5 6. Ndb5 d6 7. Bg5 a6 8.
Na3 b5 9. Nd5 Be7 10. Bxf6 Bxf6 11. c4 b4 12. Nc2 a5 13. Be2 O-O 14. O-O Bg5
15. Qd3 Be6 16. Rfd1 Bxd5 17. cxd5 Nb8 18. Ne3 Bxe3 19. Qxe3 Nd7 20. Rac1 Nc5
21. Rxc5 dxc5 22. d6 Rc8 23. Bc4 Qf6 24. Qd2 Rfd8 25. Qd5 a4 26. h4 a3 27. b3
Rd7 28. Bb5 Rdd8 29. Ba6 Rb8 30. Qxc5 Qxh4 31. d7 Qxe4 32. Bc8 Qg4 33. f3 Qg5
34. Re1 h6 35. Rxe5 Qf6 36. Qc7 Rxd7 37. Bxd7 Rd8 38. Re4 Qa1+ 39. Kh2 Rf8 40.
Qc2 f5 41. Re2 Kh8 42. Qc5 Rd8 43. Qe7 Rg8 44. Be6 1-0